Нестандартизированное технологическое оборудование, приспособления и оснастка, применяемые при техническом обслуживании и текущих ремонтах подвижного состава желедорожного транспорта: каталог

Bibliographic Details
Corporate Author: Центральный научно-исследовательский институт экономики и информации цветной металлургии (ЦНИИЦветмет экономики и информации), (ЦНИИЭЦВЕТМЕТ)
Other Authors: Соколова Н. В. (составитель), Миготина А. П.
Language:Russian
Published: Москва, ЦНИИцветмет экономики и информации, 1987
Subjects:
Format: MixedMaterials Book
KOHA link:https://koha.lib.tpu.ru/cgi-bin/koha/opac-detail.pl?biblionumber=127209

MARC

LEADER 00000nam0a2200000 4500
001 127209
005 20231031132132.0
035 |a (RuTPU)RU\TPU\book\137596 
035 |a RU\TPU\book\137595 
090 |a 127209 
100 |a 20071211d1987 k y0rusy50 ca 
101 0 |a rus 
102 |a RU 
105 |a a b 000zy 
200 1 |a Нестандартизированное технологическое оборудование, приспособления и оснастка, применяемые при техническом обслуживании и текущих ремонтах подвижного состава желедорожного транспорта  |e  каталог  |f Центральный научно-исследовательский институт экономики и информации цветной металлургии ; сост. Н. В. Соколова, А. П. Миготина 
210 |a Москва  |c ЦНИИцветмет экономики и информации  |d 1987 
215 |a 58 с.  |c ил. 
610 1 |a каталоги 
610 1 |a нестандартизированное оборудование 
610 1 |a технологическое оборудование 
610 1 |a приспособления 
610 1 |a оснастка 
610 1 |a техническое обслуживание 
610 1 |a ремонт 
610 1 |a подвижной состав 
610 1 |a железнодорожный транспорт 
610 1 |a характеристики 
610 1 |a установочные размеры 
610 1 |a размеры 
610 1 |a применение 
610 1 |a стенды 
610 1 |a вспомогательное оборудование 
610 1 |a рисунки 
675 |a 629.43(085)  |v 3 
702 1 |a Соколова  |b Н. В.  |4 220 
702 1 |a Миготина  |b А. П.  |4 220 
712 0 2 |a Центральный научно-исследовательский институт экономики и информации цветной металлургии (ЦНИИЦветмет экономики и информации), (ЦНИИЭЦВЕТМЕТ)  |c (1979-1989)  |2 stltpush  |3 (RuTPU)RU\TPU\col\12491 
801 1 |a RU  |b 63413507  |c 20071211  |g PSBO 
801 2 |a RU  |b 63413507  |c 20081217  |g PSBO 
942 |c BK